header

The handbook of operator fatigue (Record no. 137294)

MARC details
000 -LEADER
fixed length control field 01398nam a2200361Ia 4500
082 04 - DEWEY DECIMAL CLASSIFICATION NUMBER
Classification number 612.744
245 04 - TITLE STATEMENT
Title The handbook of operator fatigue
260 ## - PUBLICATION, DISTRIBUTION, ETC. (IMPRINT)
Place of publication Farnham, Surrey, England ;
-- Burlington, VT :
Name of publisher Ashgate Pub. Company,
Year of publication 2012.
300 ## - PHYSICAL DESCRIPTION
Number of Pages xix, 510 p. :
Other physical details ill.
650 #0 - SUBJECT ADDED ENTRY--TOPICAL TERM
Topical Term Fatigue.
Topical Term Fatigue
Topical Term Fatigue
Topical Term Fatigue
Topical Term Motor vehicle drivers
Topical Term Local transit
700 1# - ADDED ENTRY--PERSONAL NAME
Personal name Matthews, Gerald.
856 40 - ELECTRONIC LOCATION AND ACCESS
Uniform Resource Identifier http://site.ebrary.com/lib/rucke/Doc?id=10546726

No items available.

© 2026 Rongo University
Contact us: librarian | system librarian | Rongo university